000 00598cam a22002054a 4500
005 20250605164032.0
008 250528s ||||||||||||||||||||||||d
035 _a16672
020 _a273695169
040 _aGR-AtMCL
_bgre
_dGR-AtMCL
_eAACR2
245 1 _aThe Rules of Management / A definitive code for Managerial Success
250 _a1st
260 _bPearson - Prentice Hall,
_c2005
300 _a222
520 _aAcknowledgements, Introduction, Managing Your Team, Managing Yourself, End Game.
700 1 _aTemplar Richard
_92760
942 _cBK
999 _c2147
_d2147